Normal view
MARC view
- WAHL, LVER
Entry Personal Name
001 - CONTROL NUMBER
- control field: 90454
003 - CONTROL NUMBER IDENTIFIER
- control field: NUST
005 - DATE AND TIME OF LATEST TRANSACTION
- control field: 20220308103621.0
008 - FIXED-LENGTH DATA ELEMENTS
- fixed length control field: 220308|| aca||aabn | a|a d
040 ## - CATALOGING SOURCE
- Original cataloging agency: NUST
- Transcribing agency: NUST
100 ## - HEADING--PERSONAL NAME
- Personal name: WAHL, LVER
670 ## - SOURCE DATA FOUND
- Source citation: Work cat.: (NUST): WAHL, LVER., BUILDING ANATOMY WASTROAT GUIDE TO HOW STRUCTURES /, 2006.
